Rhythm Heaven Fever Games - Statistics

General Stats
  • This quiz has been taken 66 times
  • The average score is 25 of 45
Answer Stats
Answer % Correct
Hole in One
92%
See-Saw
89%
Double Date
78%
Karate Man
76%
Monkey Watch
76%
Packing Pests
76%
Cheer Readers
73%
Ringside
73%
Screwbot Factory
73%
Love Rap
70%
Air Rally
68%
Bossa Nova
68%
Working Dough
68%
Fork Lifter
65%
Hole in One 2
65%
Board Meeting
62%
Figure Fighter
62%
Flock Step
62%
Karate Man 2
62%
Samurai Slice
62%
Built to Scale
59%
Donk Donk
59%
Tambourine
59%
Shrimp Shuffle
57%
Tap Troupe
57%
Catch of the Day
54%
Double Date 2
54%
Love Rap 2
54%
Micro-Row
54%
Samurai Slice 2
54%
Night Walk
51%
Packing Pests 2
51%
Flipper Flop
49%
Working Dough 2
49%
Cheer Readers 2
46%
Exhibition Match
46%
Launch Party
46%
Figure Fighter 2
43%
Screwbot Factory 2
43%
Built to Scale 2
38%
Micro-Row 2
38%
Power Caligraphy
16%
Tap Trial
16%
Sneaky Spirits
14%
The Clappy Trio
14%
No matching quizzes found
Score Distribution
Percent of People with Each Score
Percentile by Number Answered
Your Score History
You have not taken this quiz